000 00797nam a22002297a 4500
005 20160208121830.0
008 090109t xxu||||| |||| 00| 0urd d
010 _aUR-9299
020 _c80.00
_a9789350735817
035 _aU-7854
037 _bDBAD/PUB
040 _aDPL
_burdu
082 _a 841
100 _aسيفی حبيب
245 _aبچے ہند و ستا نی
_cسيفی حبيب
246 _aBachche Hindustani
_b By Habeeb Saifi
260 _aد ھلی
_bا يجو کيشنل پبليشنگ ہا ؤ س
_c2015 ء
270 _a3191،Street Vakil Kucha Pandit Lal Kuan,
_bDelhi
_e110006
_k23216162
300 _a160ص
_c22 cm(hb)
700 _954088
_aتر تیب و تہز یب : محمد فہیم ا ختر ند و ی
942 _2ddc
_cUR
_h841
_mح ب ی
999 _c98838
_d98838